| 000 | 00767nam a2200229 a 4500 | ||
|---|---|---|---|
| 005 | 20200104041614.0 | ||
| 008 | 160109b xxua gra 00| 0 spa d | ||
| 020 | _a929225121X | ||
| 040 |
_aCO-BoIAVH _cCO-BoIAVH |
||
| 041 | _aspa | ||
| 082 | 4 |
_a578.62 _bC76e |
|
| 110 | 2 |
_bConvenio Sobre la Diversidad Biológica _921125 |
|
| 245 | 1 |
_aEspecies exóticas invasivas _buna amenaza a la diversidad biológica |
|
| 260 |
_aMontreal _bSecretaría del Convenio _c2009 |
||
| 300 |
_a54 horas.: _bilustraciones; _c28 x 22 cm |
||
| 650 | 6 |
_aEspecies invasoras _9308 |
|
| 650 | 4 |
_aEspecies exóticas _949096 |
|
| 650 | 4 |
_aEspecie introducida _949089 |
|
| 650 | 4 |
_aOrganimos no nativos _949090 |
|
| 650 | 4 |
_aCambio climatico _xespecies invasoras _949097 |
|
| 942 |
_cLIBRO _2ddc |
||
| 999 |
_c7087 _d7087 |
||